00978nam a22002297a 450000500170000000800400001702000180005702000150007505000200009024000440011024502300015425000110038426000500039530000340044550400610047965000330054065000350057370000300060870000230063870000490066170000380071020240412134141.0160504s2002 mx |||| |||| 001 0 spa d a9789701037195 a970103719704aSF871bR47 20021 aReproduction in farm animalslEspañol00aReproducción e inseminación artificial en animales c/ editado por E. S. E. Hafez, B. Hafez ; traducción Guillermina Féher de la Torre, Elia Olvera Martínez ; revisión técnica José Luis Espinoza Villavicencio. a7a ed. aMéxico:bMcGraw Hill, Interamericana,c2002 axiii, 519 p. :bil. ;c28 cm. aIncluye apéndice, bibliografías, glosario e índice 72lembaReproducciónxGanado 72lembaFisiología veterinaria1 aHafez, E. S. E.,eeditor 1 aHafez, B.,eeditor1 aFéher de la Torre, Guillermina,etraductor1 aOlvera Martinez, Elia,etraductor